Europäische Länder mit mehr Einwohnern als Tokio - Statistiken

Allgemein
  • Dieses Quiz wurde 83 mal gespielt
  • Das Durchschnittsergebnis liegt bei 8 aus 8
Antwortstatistiken
Bevölkerung in Mio. Land % Korrekt
84 Deutschland
100%
69 Frankreich
100%
59 Italien
100%
144 Russland
100%
49 Spanien
99%
69 Vereinigtes Königreich
99%
38 Ukraine
92%
86 Türkei
87%
Keine übereinstimmenden Quizze gefunden
Verteilung der Resultate
Anzahl Personen mit jedem Resultat
Perzentil nach korrekt beantworteten Fragen
Ihre Resultats-Entwicklung
Sie haben dieses Quiz noch nicht gespielt